| 000 | 00727cam a22002418a 4500 | ||
|---|---|---|---|
| 008 | |||
| 020 | _a0130805475 (hbk. ) | ||
| 049 | _aMAIN | ||
| 090 |
_aHF5686.C8 _bHOR |
||
| 245 | 0 | 0 |
_aManagement and cost accounting / _cCharles T. Horngren... [et al.] |
| 260 |
_aNew York : _bPrentice Hall Europe, _c1999. |
||
| 300 |
_axxii, 895 p. : _bill. ; _c27 cm. |
||
| 500 | _aIncludes index. | ||
| 504 | _aIncludes bibliographical references. | ||
| 650 | 0 | _aCost accounting. | |
| 650 | 0 | _aManagerial accounting. | |
| 700 | _aHorngren Charles T. | ||
| 907 |
_a.b10193108 _b13-09-11 _c21-02-06 |
||
| 003 | |||
| 005 | 20230123125049.0 | ||
| 040 | _cNUST | ||
| 942 |
_cBOOKS _kHF5686.C8 _mHOR |
||
| 999 |
_c135094 _d135094 |
||